000 00673nam a22002177a 4500
005 20251108173550.0
008 250721s1999 xx 000 0 ara d
082 1 4 _aم/ط/956/كات
100 1 _aالكاتب، سيف الدين
245 1 0 _aالأوائل في حضارة الإسلام /
264 1 _aبيروت :
_bدار الأفاق الجديدة،
_c1999.
300 _a20 ج في 1 مج.
650 1 7 _aالموسوعات
650 1 7 _aالسيرة النبوية
650 1 7 _aالثقافة
650 1 7 _aالإسلام
653 _aمعارف عامة
653 _aناشؤون صغار (10-14) سنة
942 _2ddc
_cREF
999 _c106965
_d106965